Basic Democracies Works And Rural Development In East Pakistan / (Record no. 5255)
[ view plain ]
| 000 -LEADER | |
|---|---|
| fixed length control field | 00608nam a2200217 a 4500 |
| 001 - CONTROL NUMBER | |
| JCCL Control Number | 5255 |
| 003 - CONTROL NUMBER IDENTIFIER | |
| JCCL marc code | BD-JhCC |
| 005 - DATE AND TIME OF LATEST TRANSACTION | |
| control field | 20171211174516.0 |
| 008 - FIXED-LENGTH DATA ELEMENTS--GENERAL INFORMATION | |
| fixed length control field | 171211s1968 bg |||| ||a| 000 0 eng d |
| 035 ## - SYSTEM CONTROL NUMBER | |
| system control number | (BD-JhCC)5255 |
| 040 ## - CATALOGING SOURCE | |
| Original cataloging agency | BD-JhCC |
| Modifying agency | BD-JhCC |
| 041 ## - LANGUAGE CODE | |
| Language code of Book | eng |
| 082 ## - DEWEY DECIMAL CLASSIFICATION NUMBER | |
| Classification number | 330.1 |
| Author mark and Year | SOB1968 |
| 100 ## - MAIN ENTRY--PERSONAL NAME | |
| Personal name | Sobhan, Rehman |
| 245 ## - TITLE STATEMENT | |
| Title | Basic Democracies Works And Rural Development In East Pakistan / |
| Statement of responsibility, etc | Rehman Sobhan |
| 260 ## - PUBLICATION, DISTRIBUTION, ETC. (IMPRINT) | |
| Place of publication, distribution, etc | Lahore |
| -- | Dacca : |
| Name of publisher, distributor, etc | Oxford university Press, |
| Date of publication, distribution, etc | 1968. |
| 300 ## - PHYSICAL DESCRIPTION | |
| Pagination | 328 p. : |
| Dimensions | 21 cm. |
| 650 ## - SUBJECT ADDED ENTRY--TOPICAL TERM | |
| Topical term or geographic name as entry element | Economic Condition |
| Geographic subdivision | East Pakistan |
| 942 ## - ADDED ENTRY ELEMENTS (KOHA) | |
| Source of classification or shelving scheme | Dewey Decimal Classification |
| Koha item type | Books |
| Source of classification or shelving scheme | Damaged status | Not for loan | Home library | Current library | Shelving location | Date of accession | Total Checkouts | Full call number | Barcode | Date last seen | Copy number | Koha item type |
|---|---|---|---|---|---|---|---|---|---|---|---|---|
| Dewey Decimal Classification | JCC Rouf Library | JCC Rouf Library | General Stacks | 12/11/2017 | 330.1 SOB1968 | 7102 | 12/11/2017 | C- 1 | Books |